00773nam a2200205Ia 4500008004100000040001400041082002300055100002300078245004300101260005200144300001000196365002600206366000800232505002200240530002600262620016300288630004300451650003000494730004300524100315s9999 xx 000 0 und d cENGLISH  b10987 a299.936  a"Hubbard, L. Ron " aDianetics : The Evolution of a Science aCALIFORNIA bGolden Era Productions  c2008  a89   eRupees d1 b0.00  f0  gVaibhav Gaikwad  bDonated By New-Era   a"Religion & Spirituality , Religion & Spirituality-Other Practices-Scientology, Dianetics the Evolution of a Science, Health, Mind & Body-Self-Help-General " aDianetics : The Evolution of a Science aReligion & Spirituality  aDianetics : The Evolution of a Science